000 00684nam a2200181 i 4500
001 100611
003 ES-MaACL
005 20230906182716.0
007 t|
008 050930s1980 sp ||||1| spa d
100 1 _aMatallana González, Antonio.
_978912
245 1 4 _aLos invernaderos y la crisis energética /
_cAntonio Matallana González, Josep Oriol Marfá i Pagés.
260 _aMadrid :
_bInstituto Nacional de Investigaciones Agrarias,
_c1980.
300 _a132 p. con gráf. 1-41, 3 lám. ;
_c24 cm.
700 1 _aMarfá i Pagés, Josep Oriol.
_976599
710 2 _aInstituto Nacional de Investigaciones Agrarias (España)
_95168
852 _aES-MaACL
_jL-1192
_bR.101528
999 _c100611
_d100611